MDQL
is popping MORE tags! Check the
thread
!
Quizzes
Events
Quiz Creation
Community
Videos
Private Events
Remove Ads
Sign In
Join for FREE
Feedback
Dark Mode
Quiz Categories
Sports
Geography
Music
Movies
Television
Just For Fun
Miscellaneous
History
Literature
Language
Science
Gaming
Entertainment
Religion
Holiday
For Kids
Quiz Lab
Recent
Popular Today
Quiz Kudos Today
Editor Picks
Curator Picks
Quizzes by...
Day
Popularity
Type
Ratings
Length
Year
Community
Subscriptions
Recent Discussions
Orange Saloon
Badges
Playlists
Quests
Create
Leaderboards
Showdown
Live 5
Trivia Bingo
Activity
Puzzle Library
Sporcle Events
Private Events
Virtual Trivia
Globe League
Become a Host
Pub Owners
SporcleCon
Opinionation
Our Games
Videos
Blog
Mobile Apps
Partnerships
Remove Ads and Go Orange
Feedback
Geography
Country
Landmarks
City
State
Population
World
Capital
Continent
Flags
Europe
Africa
Asia
South America
North America
Oceania
Border
Canada
United Kingdom
Topography
United States
Geography
Country
Landmarks
City
State
Population
World
Capital
Continent
Flags
Europe
Africa
Asia
South America
North America
Oceania
Border
Canada
United Kingdom
Topography
United States
Random Quiz
Search Sporcle
×
Quiz Lab
Quiz Lab
Geography
Country
Type in answers that appear in a list
Type in answers that appear in a list
Classic
Best Score? Go Orange.
Top 48 happiest countries Stats
Can you name the Top 50 happiest countries?
By
JT007
10m
48 Questions
844 Plays
844 Plays
844 Plays
Comments
Comments
Give Quiz Kudos
Give Quiz Kudos
-
- Ratings
hide this ad
Replay
Link that replays current quiz
Next Quiz
Link to next quiz in quiz playlist
You Got
0%
They Got
Avg Score
73%
Avg Friend Score
Upgrade to see
Score Distribution
Jump to the score distribution portion of the page
Score
0/48
Timer
10:00
0
Plays Today
Which Continent
% Correct
Europe
Sweden
94.1%
North America
United States Of America
93%
Europe
Norway
92.6%
North America
Canada
92.5%
Europe
Finland
92%
Europe
United Kingdom
91.8%
Oceania/
Australasia
Australia
91.3%
Europe
France
91.2%
Europe
Denmark
91.1%
South America
Brazil
90.4%
Europe
Germany
88.8%
Oceania/
Australasia
New Zealand
87.9%
Europe
Italy
87.6%
Europe
Spain
87.5%
North America
Mexico
86.1%
South America
Argentina
86.1%
Europe
Switzerland
85.3%
South America
Chile
84%
Europe
Netherlands
83.1%
Europe
Ireland
82.8%
Europe
Iceland
80.3%
Europe
Belgium
79.9%
Europe
Austria
79.6%
Central America
Panama
76.6%
Which Continent
% Correct
Central America
Costa Rica
76.5%
South America
Colombia
76.4%
South America
Paraguay
74.6%
South America
Uruguay
74.5%
Europe
Luxembourg
73.9%
South America
Venezuela
73.8%
South America
Ecuador
70.2%
South America
Bolivia
68.9%
Europe
Czech Republic
65.2%
Central America
Honduras
65%
Central America
Guatemala
63.7%
Asia
Israel
62.8%
Central America
El Salvador
62%
Asia
United Arab Emirates
61.3%
Central America
Belize
60.9%
South America
Guyana
60.3%
Asia
Qatar
55.8%
Europe
Malta
52.1%
Asia
Kuwait
50%
Europe
Cyprus
49.2%
Asia
Bahrain
47%
North America
Dominican Republic
44.1%
South America
Trinidad and Tobago
31.5%
Asia
Turkmenistan
17.9%
Quiz Playlist
Details
Report
Send in Message
Add To Playlist
Classic:
Type in answers that appear in a list
Quiz Source
Last Updated: Feb 16, 2017
Quiz Scoreboard
CHALLENGE
Sign Up to Join the Scoreboard
Show All
Scores
Hide
Comments
May contain spoilers
Recently Published
5x2 Blitz: Bands
by SL_Kpop136
Music
30s
Colored Red Africa Blitz
by spor1
Geography
30s
Find the 'City' Movie
by crazypaving
Movies
60s
More to Explore
Quiz From the Vault
Featured Blog Post
14 Easter Pick-up Lines to Find Eggs With
hide this ad
You Might Also Like...
Tags
Continent Quiz
Country Quiz
happiest
Top 50
Today's Top Quizzes in Geography
Browse Geography
hide this ad
Today's Top Quizzes in Country
Browse Country
Top Contributed Quizzes in Geography
1
Countries of the World - No Outlines Minefield
2
Colored Red Europe Blitz I
3
Colored Red Africa Blitz II
4
Colored Red Europe Blitz II
5
Colored Red Europe Blitz III
6
Colored Red Africa Blitz III
7
Colored Red States Blitz I
8
Colored Red States Blitz II
9
Colored Red States Blitz III
10
Blind Secret Country CLXXXIX
Explore More
Trending Topics
Kpop
Marvel
Crossword
Anime
Harry Potter
NBA
Disney
NFL
Puzzle
Country
The Office
Pokémon
Song
WWE
Soccer
hide this ad
More By:
JT007
Quiz
Plays
Rating
Category
Featured
Created
'N' Countries
279,805
4.49
Geography
Feb 1, 2010
Mixed Word: Countries to Capital
53,912
4.26
Just For Fun
Mar 1, 2010
can you name the car by manufacturer 2
1,569
1.67
Just For Fun
Nov 6, 2009
Countries that these cars were first built
946
3.00
Just For Fun
Nov 8, 2009
Car manufacturers
899
4.50
Just For Fun
Nov 21, 2009
Go to Creator's Profile
Score Distribution
Quiz Creator Spotlight
JT007
Follow
Send a Message
Quizzes Created
-
Created Quiz Play Count
-
More By This Creator
Popular Quizzes Today
1
Find the 'City' Movie
2
5x2 Blitz: Bands
3
Colored Red Africa Blitz
4
Find the US States - No Outlines Minefield
5
The Countries of the World
6
Find the US States
7
9x9 Crossword: Cartoon Network
8
US States
More Geography Quizzes
State Boundaries: Montana
Quiz Lab
Trending Quizzes
Colored Red Europe Blitz I
Colored Red Africa Blitz II
Colored Red Europe Blitz III
Colored Red Europe Blitz II
Colored Red Africa Blitz III
Recently Updated
Champions League XIs: Real Madrid
pecheneg
Largest US Cities 1790-2010
pecheneg
Rides in Walt Disney World
pecheneg
Most Oscar Losses (Acting)
pecheneg
Beyoncé Albums
pecheneg
Leaping Animals
pecheneg
Reality TV Shows (A-Z)
bhenderson79
Rickey Henderson's Hall of Fame Teammates
pecheneg
Champions League XIs: Arsenal
pecheneg
Quick Pick: Celebrities in WWE's Hall of Fame
aduchscher
Trending Topics
Kpop
Disney
Anime
NBA
Marvel
Crossword
Harry Potter
Song
Soccer
Country
WWE
Puzzle
NFL
The Office
Pokémon
Your Account Isn't Verified!
In order to create a playlist on Sporcle, you need to verify the email address you used during registration. Go to your
Sporcle Settings
to finish the process.
Report this User
Report this user for behavior that violates our
Community Guidelines
.
Details:
Send Report
Go to the Sporcle.com Mobile Site →
Comments